000 00857nam a2200253Ia 4500
003 OSt
005 20221005113426.0
006 a|||||r|||| 00| 0
007 ta
008 221004b |||||||| |||| 00| 0 pan d
020 _a9789351121718
_cINR 300.00
024 _a32206
037 _b779, 27/02/2017, H.K. Prakashan
_cTextual
040 _aCRL
_cCRL
_bpan
041 _2pan
_apan
082 _aO153,3:g, Q6
100 _aਭੁਪਿੰਦਰ ਕੌਰ, ਂਚ.
245 0 _aਪੰਜਾਬੀ ਨਾਵਲ
260 _aਲੁਧਿਆਣਾ
_bਚੇਤਨਾ ਪ੍ਰਕਾFਨ ਭਾਰਤ
_c2016
300 _a184ਪ੍ਰ0
_ccm.
650 _a ਪੰਜਾਬੀ ਨਾਵਲ
942 _hO153,3:g, Q6
_cTEXL
_2cc
999 _c1028139
_d1028139